00575 2200217 4500001002100000005001500021035002000036008004100056245003600097100001800133260004200151300002500193084002000218082001000238650000900248990002000257990002000277990002000297990002000317990002000337INLIS00000000000131220260506033515 a0010-1024000123260506 0 ind 1 aEkonomi Moneter /cM. Manullang aManullang, M. aYogyakarta :bGhalia Indonesia,c1983 a190 hlm. ;c21x15 cm a332.4 MAN E C.1 a332.4 4aUang a860411300002301 a860411300002302 a860411300002303 a910311300002304 a950411300002305